000
00305 a2200133 4500
000
nam a22 7a 4500
100
_a
Khanna, Kavita
110
_a
Khanna, Kavita
245
_a
Kuby Immunology Vol 1
250
_a
Latest edition
260
_b
MedTech
_c
2025
264
_b
MedTech
_c
2025
942
_c
BK
999
_c
396793
_d
396793